| 000 | 00708 a2200193 4500 | ||
|---|---|---|---|
| 999 |
_c6276 _d6276 |
||
| 020 | _a9781408204924 | ||
| 050 | _aJZ1242 HAY 2012 | ||
| 100 |
_aHaynes, Jeffrey _eauthor |
||
| 245 |
_aWorld politics : _binternational relations and globalisation in the 21st century / _cJeffrey Haynes, Peter Hough, Shahin Malik and Lloyd Pettiford |
||
| 264 |
_aNew York : _bRoutledge, _c2011 |
||
| 300 |
_axxv, 795pages. _billustrations |
||
| 500 | _aIncludes bibliographical references and index | ||
| 650 | _aInternational relations | ||
| 650 |
_aWorld politics _x21st century |
||
| 700 |
_aLIoyd Pettiford _eauthor |
||
| 700 |
_aHough, Peter _eauthor |
||
| 700 |
_aMalik, Shahin _eauthor |
||
| 942 |
_2lcc _cBK _h1242 _iHAY _kJZ |
||